000
00205nam a22000857a 4500
008
170123b xxu||||| |||| 00| 0 eng d
100
_9
2537
_a
Chawla.A
245
_a
Global Warming
260
_a
New Delhi
_b
DP
_c
2010
999
_c
5626
_d
5626